2015 FIFA Beach Soccer World Cup Teams - Statistics

General Stats
  • This quiz has been taken 67 times
  • The average score is 10 of 16
Answer Stats
Answer % Correct
Brazil
98%
Argentina
89%
Portugal
89%
Spain
89%
Mexico
83%
Italy
81%
Japan
73%
Russia
73%
Iran
50%
Paraguay
48%
Switzerland
45%
Costa Rica
44%
Senegal
44%
Tahiti
41%
Madagascar
19%
Oman
17%
No matching quizzes found
Score Distribution
Percent of People with Each Score
Percentile by Number Answered
Your Score History
You have not taken this quiz